[Event "Barbera Vs Valls"]
[Site "Barbera de Valles"]
[Date "2023.02.04"]
[Round "3.10"]
[White "Ano Pla, Gerard"]
[Black "Ramirez Carrizo, Victor Jose"]
[Result "1-0"]
[TimeControl "90'+30\""]
[WhiteFideId "24560561"]
[BlackFideId "2252023"]
[WhiteElo "2143"]
[BlackElo "2178"]

1. d4 {[%clk 01:30:56]} {[%emt 00:00:03]} d5 {[%clk 01:30:46]} {[%emt
00:00:13]} 2. c4 {[%clk 01:31:09]} {[%emt 00:00:19]} e6 {[%clk 01:31:02]}
{[%emt 00:00:14]} 3. Nc3 {[%clk 01:31:06]} {[%emt 00:00:33]} c5 {[%clk
01:31:10]} {[%emt 00:00:22]} 4. e3 {[%clk 01:31:05]} {[%emt 00:00:31]} Nf6
{[%clk 01:30:22]} {[%emt 00:01:17]} 5. Nf3 {[%clk 01:31:30]} {[%emt 00:00:05]}
Nc6 {[%clk 01:29:22]} {[%emt 00:01:30]} 6. a3 {[%clk 01:31:55]} {[%emt
00:00:06]} a6 {[%clk 01:28:39]} {[%emt 00:01:12]} 7. dxc5 {[%clk 01:32:19]}
{[%emt 00:00:06]} Bxc5 {[%clk 01:28:48]} {[%emt 00:00:21]} 8. b4 {[%clk
01:32:44]} {[%emt 00:00:06]} Bd6 {[%clk 01:25:49]} {[%emt 00:03:29]} 9. Bb2
{[%clk 01:23:23]} {[%emt 00:09:51]} O-O {[%clk 01:25:49]} {[%emt 00:00:30]} 10.
Qc2 {[%clk 01:23:05]} {[%emt 00:00:48]} Qe7 {[%clk 01:24:10]} {[%emt 00:02:08]}
11. Rd1 {[%clk 01:18:31]} {[%emt 00:05:04]} Rd8 {[%clk 01:21:42]} {[%emt
00:02:57]} 12. cxd5 {[%clk 01:04:36]} {[%emt 00:14:26]} exd5 {[%clk 01:21:25]}
{[%emt 00:00:47]} 13. Be2 {[%clk 01:04:11]} {[%emt 00:00:56]} Be6 {[%clk
01:20:06]} {[%emt 00:01:49]} 14. O-O {[%clk 00:59:26]} {[%emt 00:05:15]} Rac8
{[%clk 01:17:44]} {[%emt 00:02:51]} 15. Qb1 {[%clk 00:53:12]} {[%emt 00:06:45]}
b5 {[%clk 01:12:17]} {[%emt 00:05:56]} 16. Bd3 {[%clk 00:47:15]} {[%emt
00:06:27]} h6 {[%clk 00:51:18]} {[%emt 00:21:30]} 17. Ne2 {[%clk 00:47:18]}
{[%emt 00:00:27]} Bg4 {[%clk 00:45:30]} {[%emt 00:06:18]} 18. Bf5 {[%clk
00:45:56]} {[%emt 00:01:53]} Bxf5 {[%clk 00:34:44]} {[%emt 00:11:16]} 19. Qxf5
{[%clk 00:46:16]} {[%emt 00:00:09]} Qe4 {[%clk 00:30:38]} {[%emt 00:04:36]} 20.
Qh3 {[%clk 00:35:26]} {[%emt 00:11:20]} Ne5 {[%clk 00:27:00]} {[%emt 00:04:08]}
21. Nxe5 {[%clk 00:33:10]} {[%emt 00:02:46]} Bxe5 {[%clk 00:27:11]} {[%emt
00:00:18]} 22. Ng3 {[%clk 00:33:10]} {[%emt 00:00:30]} Bxg3 {[%clk 00:26:34]}
{[%emt 00:01:07]} 23. Qxg3 {[%clk 00:32:27]} {[%emt 00:01:13]} Qf5 {[%clk
00:24:27]} {[%emt 00:02:36]} 24. Rc1 {[%clk 00:30:40]} {[%emt 00:02:18]} Rc4
{[%clk 00:23:06]} {[%emt 00:01:51]} 25. Bd4 {[%clk 00:28:43]} {[%emt 00:02:26]}
Qg6 {[%clk 00:16:55]} {[%emt 00:06:42]} 26. Qxg6 {[%clk 00:22:33]} {[%emt
00:06:40]} fxg6 {[%clk 00:17:17]} {[%emt 00:00:07]} 27. f3 {[%clk 00:23:01]}
{[%emt 00:00:03]} Kf7 {[%clk 00:15:35]} {[%emt 00:02:11]} 28. Rcd1 {[%clk
00:21:30]} {[%emt 00:02:02]} Ke6 {[%clk 00:13:45]} {[%emt 00:02:20]} 29. Rd2
{[%clk 00:20:31]} {[%emt 00:01:29]} Rdc8 {[%clk 00:08:17]} {[%emt 00:05:57]} 30.
Rfd1 {[%clk 00:20:16]} {[%emt 00:00:45]} Rc1 {[%clk 00:08:00]} {[%emt
00:00:48]} 31. Rxc1 {[%clk 00:20:39]} {[%emt 00:00:07]} Rxc1+ {[%clk 00:08:24]}
{[%emt 00:00:05]} 32. Kf2 {[%clk 00:21:06]} {[%emt 00:00:03]} Rc4 {[%clk
00:07:03]} {[%emt 00:01:51]} 33. Ke2 {[%clk 00:21:29]} {[%emt 00:00:07]} g5
{[%clk 00:06:40]} {[%emt 00:00:52]} 34. Kd3 {[%clk 00:14:58]} {[%emt 00:07:01]}
Ne8 {[%clk 00:05:41]} {[%emt 00:01:29]} 35. Ra2 {[%clk 00:13:49]} {[%emt
00:01:39]} g6 {[%clk 00:03:50]} {[%emt 00:02:21]} 36. Bc3 {[%clk 00:08:33]}
{[%emt 00:05:46]} g4 {[%clk 00:02:58]} {[%emt 00:01:23]} 37. a4 {[%emt
00:00:14]} Nc7 {[%clk 00:02:11]} {[%emt 00:01:16]} 38. axb5 {[%clk 00:09:15]}
{[%emt 00:00:05]} axb5 {[%clk 00:02:20]} {[%emt 00:00:20]} 39. Ra7 {[%clk
00:09:25]} {[%emt 00:00:20]} gxf3 {[%clk 00:02:38]} {[%emt 00:00:13]} 40. gxf3
{[%clk 00:09:51]} {[%emt 00:00:05]} g5 {[%clk 00:01:24]} {[%emt 00:01:44]} 41.
Rb7 {[%clk 00:10:08]} {[%emt 00:00:13]} Kd7 {[%clk 00:01:35]} {[%emt 00:00:19]}
42. e4 {[%clk 00:06:32]} {[%emt 00:04:06]} dxe4+ {[%clk 00:01:41]} {[%emt
00:00:24]} 43. fxe4 {[%clk 00:07:01]} Kc6 {[%clk 00:01:29]} {[%emt 00:00:41]}
44. Rb8 {[%clk 00:07:20]} {[%emt 00:00:12]} Ne6 {[%clk 00:01:37]} {[%emt
00:00:23]} 45. Rc8+ {[%clk 00:07:46]} {[%emt 00:00:04]} Kd6 {[%clk 00:01:21]}
{[%emt 00:00:45]} 46. Rxc4 {[%clk 00:07:44]} {[%emt 00:00:32]} Nf4+ {[%clk
00:01:25]} {[%emt 00:00:25]} 47. Ke3 {[%clk 00:06:08]} {[%emt 00:02:06]} bxc4
{[%clk 00:01:48]} {[%emt 00:00:07]} 48. Kd4 {[%clk 00:05:51]} {[%emt 00:00:47]}
h5 {[%clk 00:01:03]} {[%emt 00:01:16]} 49. Bd2 {[%clk 00:04:36]} {[%emt
00:01:45]} Ne2+ {[%clk 00:00:39]} {[%emt 00:00:55]} 50. Kxc4 {[%clk 00:05:00]}
{[%emt 00:00:06]} g4 {[%clk 00:00:49]} {[%emt 00:00:20]} 51. Be3 {[%clk
00:04:10]} {[%emt 00:01:19]} Ke5 {[%clk 00:00:37]} {[%emt 00:00:42]} 52. Kd3
{[%clk 00:03:52]} {[%emt 00:00:48]} Nf4+ {[%clk 00:00:32]} {[%emt 00:00:35]} 53.
Bxf4+ {[%clk 00:04:20]} {[%emt 00:00:01]} Kxf4 {[%clk 00:00:57]} {[%emt
00:00:06]} 54. b5 {[%clk 00:04:46]} {[%emt 00:00:04]} h4 {[%clk 00:00:56]}
{[%emt 00:00:30]} 55. b6 {[%clk 00:05:12]} {[%emt 00:00:04]} g3 {[%clk
00:00:47]} {[%emt 00:00:39]} 56. hxg3+ {[%clk 00:05:39]} {[%emt 00:00:03]} hxg3
{[%clk 00:01:04]} {[%emt 00:00:14]} 57. b7 {[%clk 00:06:03]} {[%emt 00:00:05]}
g2 {[%clk 00:01:23]} {[%emt 00:00:11]} 58. b8=Q+ {[%clk 00:06:24]} {[%emt
00:00:08]} 1-0